000 00769nam a2200229 a 4500
001 49121
003 BD-RjUL
005 20211209054634.0
008 160817s1965 b ||||| |||| 00| 0 eng d
020 _c : Tk.3.50
035 _a(BD-RjUL)49240
040 _aBD-RjUL
_bben
_cBD-RjUL
041 _aben
082 _223
_a891.441
_bHAS 1965
100 1 _aহাজারী, আবদুল গনি
_9146437
245 1 0 _aসূর্যের সিঁড়ি /
_cআবদুল গনি হাজারী
260 _aঢাকা :
_bসুপ্রকাশ গ্রন্থ,
_c১৯৬৫.
300 _a৯৩ পৃ ;
_c২৪ সেমি.
650 _aবাংলা কবিতা
_9147728
650 _aBangali Poetry
_9147729
942 _2ddc
_cBK
999 _c49121
_d49121